<?xml version="1.0" encoding="UTF-8"?>
<collection xmlns="http://www.loc.gov/MARC21/slim">
<record>
  <controlfield tag="001">147127</controlfield>
  <controlfield tag="005">20241216113259.0</controlfield>
  <datafield tag="024" ind1="7" ind2=" ">
    <subfield code="2">doi</subfield>
    <subfield code="a">10.1017/S0007114512001511</subfield>
  </datafield>
  <datafield tag="024" ind1="8" ind2=" ">
    <subfield code="2">sideral</subfield>
    <subfield code="a">77350</subfield>
  </datafield>
  <datafield tag="037" ind1=" " ind2=" ">
    <subfield code="a">ART-2012-77350</subfield>
  </datafield>
  <datafield tag="041" ind1=" " ind2=" ">
    <subfield code="a">eng</subfield>
  </datafield>
  <datafield tag="100" ind1=" " ind2=" ">
    <subfield code="a">Rodríguez, G.</subfield>
    <subfield code="u">Universidad de Zaragoza</subfield>
    <subfield code="0">(orcid)0000-0002-7985-9912</subfield>
  </datafield>
  <datafield tag="245" ind1=" " ind2=" ">
    <subfield code="a">Effect of n-3 long chain polyunsaturated fatty acids during the perinatal period on later body composition</subfield>
  </datafield>
  <datafield tag="260" ind1=" " ind2=" ">
    <subfield code="c">2012</subfield>
  </datafield>
  <datafield tag="506" ind1="0" ind2=" ">
    <subfield code="a">Access copy available to the general public</subfield>
    <subfield code="f">Unrestricted</subfield>
  </datafield>
  <datafield tag="520" ind1="3" ind2=" ">
    <subfield code="a">A systematic review to identify studies reporting the effects of n-3 long chain polyunsaturated fatty acids (LCPUFA) intake, during pregnancy and postnatally, on infants and young children's body composition was performed. A structured search strategy was performed in the MEDLINE (PubMed), EMBASE, and LILACS databases. Inclusion and exclusion criteria were defined according to the research question. Only those studies addressing the relationship between n-3 LCPUFA exposure during the perinatal period and later adiposity measured in terms of weight, height, body mass index (BMI), skinfold thickness and/or circumferences were included regardless of the study design. Studies quality was scored and were thereafter categorised into those reporting on maternal intake of n-3 LCPUFA during pregnancy or lactation (6 publications) or on infant's n-3 LCPUFA intake (7 publications). Two studies showed inverse associations between maternal n-3 LCPUFA intake and children's later body composition (lower adiposity, BMI or body weight), two showed direct associations and no effects were observed in the remaining two studies. Among those studies focusing on n-3 LCPUFA intake through enriched infant formulas; three observed no effect on later body composition and two showed higher weight and adiposity with increased amounts of n-3 LCPUFA. Reversely, in two studies weight and fat mass decreased. In conclusion, reported body composition differences in infants and young children were not clearly explained by perinatal n-3 LCPUFA intake via supplemented formulas, breastfeeding or maternal intakes of n-3 LCPUFA during pregnancy and lactation. Associated operational mechanisms including n-3 LCPUFA doses and sources applied are not sufficiently explained and therefore no conclusions could be made.</subfield>
  </datafield>
  <datafield tag="536" ind1=" " ind2=" ">
    <subfield code="9">info:eu-repo/grantAgreement/ES/Spanish Ministry of Health/RD08-0072</subfield>
  </datafield>
  <datafield tag="540" ind1=" " ind2=" ">
    <subfield code="9">info:eu-repo/semantics/openAccess</subfield>
    <subfield code="a">by-nc-nd</subfield>
    <subfield code="u">http://creativecommons.org/licenses/by-nc-nd/3.0/es/</subfield>
  </datafield>
  <datafield tag="590" ind1=" " ind2=" ">
    <subfield code="a">3.302</subfield>
    <subfield code="b">2012</subfield>
  </datafield>
  <datafield tag="591" ind1=" " ind2=" ">
    <subfield code="a">NUTRITION &amp; DIETETICS</subfield>
    <subfield code="b">18 / 75 = 0.24</subfield>
    <subfield code="c">2012</subfield>
    <subfield code="d">Q1</subfield>
    <subfield code="e">T1</subfield>
  </datafield>
  <datafield tag="655" ind1=" " ind2="4">
    <subfield code="a">info:eu-repo/semantics/article</subfield>
    <subfield code="v">info:eu-repo/semantics/acceptedVersion</subfield>
  </datafield>
  <datafield tag="700" ind1=" " ind2=" ">
    <subfield code="a">Iglesia, I.</subfield>
    <subfield code="u">Universidad de Zaragoza</subfield>
    <subfield code="0">(orcid)0000-0002-2219-3646</subfield>
  </datafield>
  <datafield tag="700" ind1=" " ind2=" ">
    <subfield code="a">Bel-Serrat, S.</subfield>
    <subfield code="u">Universidad de Zaragoza</subfield>
  </datafield>
  <datafield tag="700" ind1=" " ind2=" ">
    <subfield code="a">Moreno, L. A.</subfield>
    <subfield code="u">Universidad de Zaragoza</subfield>
    <subfield code="0">(orcid)0000-0003-0454-653X</subfield>
  </datafield>
  <datafield tag="710" ind1="2" ind2=" ">
    <subfield code="1">1006</subfield>
    <subfield code="2">255</subfield>
    <subfield code="a">Universidad de Zaragoza</subfield>
    <subfield code="b">Dpto. Fisiatría y Enfermería</subfield>
    <subfield code="c">Área Enfermería</subfield>
  </datafield>
  <datafield tag="710" ind1="2" ind2=" ">
    <subfield code="1">1006</subfield>
    <subfield code="2">X</subfield>
    <subfield code="a">Universidad de Zaragoza</subfield>
    <subfield code="b">Dpto. Fisiatría y Enfermería</subfield>
    <subfield code="c">Proy. investigación DZA</subfield>
  </datafield>
  <datafield tag="710" ind1="2" ind2=" ">
    <subfield code="1">1010</subfield>
    <subfield code="2">670</subfield>
    <subfield code="a">Universidad de Zaragoza</subfield>
    <subfield code="b">Dpto. Pediatría Radiol.Med.Fís</subfield>
    <subfield code="c">Área Pediatría</subfield>
  </datafield>
  <datafield tag="773" ind1=" " ind2=" ">
    <subfield code="g">107, S2 (2012), S117-S128</subfield>
    <subfield code="p">Br. J. Nutr.</subfield>
    <subfield code="t">British journal of nutrition</subfield>
    <subfield code="x">0007-1145</subfield>
  </datafield>
  <datafield tag="856" ind1="4" ind2=" ">
    <subfield code="s">238699</subfield>
    <subfield code="u">http://zaguan.unizar.es/record/147127/files/texto_completo.pdf</subfield>
    <subfield code="y">Postprint</subfield>
  </datafield>
  <datafield tag="856" ind1="4" ind2=" ">
    <subfield code="s">1129626</subfield>
    <subfield code="u">http://zaguan.unizar.es/record/147127/files/texto_completo.jpg?subformat=icon</subfield>
    <subfield code="x">icon</subfield>
    <subfield code="y">Postprint</subfield>
  </datafield>
  <datafield tag="909" ind1="C" ind2="O">
    <subfield code="o">oai:zaguan.unizar.es:147127</subfield>
    <subfield code="p">articulos</subfield>
    <subfield code="p">driver</subfield>
  </datafield>
  <datafield tag="951" ind1=" " ind2=" ">
    <subfield code="a">2024-12-16-11:31:52</subfield>
  </datafield>
  <datafield tag="980" ind1=" " ind2=" ">
    <subfield code="a">ARTICLE</subfield>
  </datafield>
</record>
</collection>